|
|
|
|
| LEADER |
00000naa0a2200000 4500 |
| 001 |
597912 |
| 005 |
20250217134405.0 |
| 035 |
|
|
|a (RuTPU)RU\TPU\tpu\21355
|
| 090 |
|
|
|a 597912
|
| 100 |
|
|
|a 20120526d2005 k y0rusy50 ca
|
| 101 |
0 |
|
|a rus
|
| 102 |
|
|
|a RU
|
| 200 |
1 |
|
|a Фтороаммонийный метод выделения ценных компонентов из медеплавильных шлаков
|f Р. И. Крайденко, А. А. Андреев, П. С. Белоусов
|
| 320 |
|
|
|a Библиогр.: 2 назв.
|
| 330 |
|
|
|a В настоящее время в нашей стране накоплены большие объёмы металлургических шлаков: их общее количество точно не определено, но по различным прогнозам составляет несколько сотен миллионов тонн. Шлаки содержат такие ценные компоненты, как алюминий, цинк, медь и др.; содержание золота в них достигает 0,5 г/т. Фторидная технология, широко развившаяся для нужд атомной промышленности, позволяет перерабатывать металлургические шлаки и извлечь из них большинство ценных компонентов. В работе приведены результаты экспериментальных исследований метода аммонийного разложения золотосодержащих медеплавильных шлаков Кировоградского медеплавильного завода. В результате проведённых экспериментов изучалась кинетика фтороаммонийного обескремнивания медеплавильных шлаков, выведены кинетические уравнения, определена энергия активации процесса. Полученные экспериментальные данные позволили разработать технологическую схему фтороаммонийного передела медеплавильных шлаков и рассчитать её основные технико-экономические показатели.
|
| 333 |
|
|
|a В фонде НТБ ТПУ отсутствует
|
| 463 |
|
|
|t Полярное сияние - 2005. Ядерное будущее: безопасность, экономика и право
|o сборник тезисов докладов VIII Международной студенческой научной конференции, Санкт-Петербург, 31 января - 5 февраля 2005 г.
|v С. 248-249
|d 2005
|
| 610 |
1 |
|
|a труды учёных ТПУ
|
| 700 |
|
1 |
|a Крайденко
|b Р. И.
|c химик-технолог
|c доцент Томского политехнического университета
|f 1983-
|g Роман Иванович
|3 (RuTPU)RU\TPU\pers\26383
|
| 701 |
|
1 |
|a Андреев
|b А. А.
|c химик-технолог
|c доцент Томского политехнического университета, кандидат технических наук
|f 1983-
|g Артем Андреевич
|3 (RuTPU)RU\TPU\pers\29528
|4 070
|9 14064
|
| 701 |
|
1 |
|a Белоусов
|b П. С.
|
| 801 |
|
1 |
|a RU
|b 63413507
|c 20120526
|
| 942 |
|
|
|c BK
|